[Event "Stay Safe Play From Home 385"]
[Site "Emanuel Lasker Arena"]
[Date "2020.08.16"]
[Round "3"]
[White "Don59as"]
[Black "Gibiz144"]
[Result "1-0"]
[WhiteElo "2067"]
[BlackElo "1640"]
[Annotator "NA"]
[PlyCount "69"]
[EventDate "2020.08.16"]
[EventType "swiss (blitz)"]

1. c4 {[%emt 0:00:04]} e6 {[%emt 0:00:00]} 2. Nc3 {[%emt 0:00:01]} b6 {[%emt 0:00:00]} 3. e4 {[%emt 0:00:01]} Bb7 {[%emt 0:00:00]} 4. g3 {[%emt 0:00:00]} d6 {[%emt 0:00:00]} 5. Bg2 {[%emt 0:00:01]} Ne7 {[%emt 0:00:01]} 6. Nge2 {[%emt 0:00:00]} g6 {[%emt 0:00:01]} 7. O-O {[%emt 0:00:00]} Bg7 {[%emt 0:00:01]} 8. d4 {[%emt 0:00:00]} Nd7 {[%emt 0:00:01]} 9. b3 {[%emt 0:00:01]} h6 {[%emt 0:00:01]} 10. Bb2 {[%emt 0:00:00]} O-O {[%emt 0:00:01]} 11. Qd2 {[%emt 0:00:00]} a6 {[%emt 0:00:01]} 12. f4 {[%emt 0:00:01]} Nc6 {[%emt 0:00:02]} 13. d5 {[%emt 0:00:05]} Ne7 {[%emt 0:00:01]} 14. dxe6 {[%emt 0:00:01]} fxe6 {[%emt 0:00:01]} 15. Bh3 {[%emt 0:00:00]} Nc5 {[%emt 0:00:04]} 16. b4 {[%emt 0:00:01]} Nxe4 {[%emt 0:00:01]} 17. Nxe4 {[%emt 0:00:00]} Bxe4 {[%emt 0:00:01]} 18. Bxe6+ {[%emt 0:00:01]} Kh7 {[%emt 0:00:01]} 19. Bxg7 {[%emt 0:00:02]} Kxg7 {[%emt 0:00:02]} 20. Qd4+ {[%emt 0:00:01]} Rf6 {[%emt 0:00:05]} 21. Qxe4 {[%emt 0:00:01]} Qe8 {[%emt 0:00:04]} 22. Rfe1 {[%emt 0:00:01]} Ng8 {[%emt 0:00:02]} 23. Bd5 {[%emt 0:00:03]} Qxe4 {[%emt 0:00:02]} 24. Bxe4 {[%emt 0:00:00]} Re8 {[%emt 0:00:01]} 25. Nc3 {[%emt 0:00:01]} Rfe6 {[%emt 0:00:02]} 26. Kf2 {[%emt 0:00:00]} Nf6 {[%emt 0:00:02]} 27. Bf3 {[%emt 0:00:02]} Ne4+ {[%emt 0:00:03]} 28. Nxe4 {[%emt 0:00:01]} d5 {[%emt 0:00:01]} 29. cxd5 {[%emt 0:00:01]} R6e7 {[%emt 0:00:02]} 30. Nc3 {[%emt 0:00:01]} b5 {[%emt 0:00:01]} 31. Rxe7+ {[%emt 0:00:01]} Rxe7 {[%emt 0:00:01]} 32. Re1 {[%emt 0:00:00]} Rd7 {[%emt 0:00:01]} 33. Re6 {[%emt 0:00:03]} Kf7 {[%emt 0:00:01]} 34. Be4 {[%emt 0:00:01]} g5 {[%emt 0:00:04]} 35. f5 {[%emt 0:00:02] Gibiz144 gibt auf Gibiz144 gibt auf Gibiz144 gibt auf (Lag: Av=0.53s, max=0.8s) (Lag: Av=0.53s, max=0.8s) (Lag: Av=0.53s, max=0.8s)} 1-0

[Event "Stay Safe Play From Home 385"]
[Site "Emanuel Lasker Arena"]
[Date "2020.08.16"]
[Round "3"]
[White "Buzaglo"]
[Black "Mamba2001de"]
[Result "1-0"]
[WhiteElo "1911"]
[BlackElo "1426"]
[Annotator "NA"]
[PlyCount "91"]
[EventDate "2020.08.16"]
[EventType "swiss (blitz)"]

1. d4 {[%emt 0:00:01]} e6 {[%emt 0:00:01]} 2. Nf3 {[%emt 0:00:00]} d5 {[%emt 0:00:01]} 3. g3 {[%emt 0:00:00]} Nf6 {[%emt 0:00:01]} 4. Bg2 {[%emt 0:00:00]} c5 {[%emt 0:00:01]} 5. O-O {[%emt 0:00:00]} Be7 {[%emt 0:00:01]} 6. dxc5 {[%emt 0:00:01]} Bxc5 {[%emt 0:00:02]} 7. c4 {[%emt 0:00:00]} Nc6 {[%emt 0:00:01]} 8. cxd5 {[%emt 0:00:00]} exd5 {[%emt 0:00:01]} 9. Nc3 {[%emt 0:00:00]} O-O {[%emt 0:00:01]} 10. Bg5 {[%emt 0:00:02]} Be6 {[%emt 0:00:01]} 11. Bf4 {[%emt 0:00:02]} Rc8 {[%emt 0:00:02]} 12. Rc1 {[%emt 0:00:01]} Bd6 {[%emt 0:00:01]} 13. Bxd6 {[%emt 0:00:01]} Qxd6 {[%emt 0:00:01]} 14. Nd4 {[%emt 0:00:00]} a6 {[%emt 0:00:01]} 15. Nxc6 {[%emt 0:00:01]} bxc6 {[%emt 0:00:01]} 16. e4 {[%emt 0:00:01]} d4 {[%emt 0:00:01]} 17. Re1 {[%emt 0:00:06]} c5 {[%emt 0:00:01]} 18. e5 {[%emt 0:00:02]} Qb6 {[%emt 0:00:02]} 19. exf6 {[%emt 0:00:01]} dxc3 {[%emt 0:00:01]} 20. Rxc3 {[%emt 0:00:01]} Rfd8 {[%emt 0:00:03]} 21. Rd3 {[%emt 0:00:01]} Rxd3 {[%emt 0:00:02]} 22. Qxd3 {[%emt 0:00:00]} gxf6 {[%emt 0:00:02]} 23. b3 {[%emt 0:00:02]} Rd8 {[%emt 0:00:03]} 24. Qe3 {[%emt 0:00:01]} Rd4 {[%emt 0:00:03]} 25. Qh6 {[%emt 0:00:02]} Qd6 {[%emt 0:00:08]} 26. Qxf6 {[%emt 0:00:02]} Rd1 {[%emt 0:00:01]} 27. Qc3 {[%emt 0:00:05]} Rxe1+ {[%emt 0:00:02]} 28. Qxe1 {[%emt 0:00:00]} Bd5 {[%emt 0:00:01]} 29. Bxd5 {[%emt 0:00:02]} Qxd5 {[%emt 0:00:01]} 30. Qe8+ {[%emt 0:00:00]} Kg7 {[%emt 0:00:02]} 31. Qe1 {[%emt 0:00:00]} Qd4 {[%emt 0:00:01]} 32. h4 {[%emt 0:00:02]} a5 {[%emt 0:00:01]} 33. Kg2 {[%emt 0:00:01]} c4 {[%emt 0:00:01]} 34. bxc4 {[%emt 0:00:01]} Qxc4 {[%emt 0:00:01]} 35. Qe5+ {[%emt 0:00:01]} Kg8 {[%emt 0:00:01]} 36. Qb8+ {[%emt 0:00:02]} Kg7 {[%emt 0:00:01]} 37. Qb3 {[%emt 0:00:00]} Qxb3 {[%emt 0:00:02]} 38. axb3 {[%emt 0:00:00]} Kf6 {[%emt 0:00:00]} 39. Kf3 {[%emt 0:00:01]} Ke5 {[%emt 0:00:00]} 40. Ke3 {[%emt 0:00:01]} Kd5 {[%emt 0:00:01]} 41. Kd3 {[%emt 0:00:01]} Kc5 {[%emt 0:00:01]} 42. Kc3 {[%emt 0:00:01]} Kd5 {[%emt 0:00:01]} 43. f3 {[%emt 0:00:02]} f5 {[%emt 0:00:01]} 44. h5 {[%emt 0:00:01]} Ke5 {[%emt 0:00:01]} 45. h6 {[%emt 0:00:02]} Kd5 {[%emt 0:00:01]} 46. Kd3 {[%emt 0:00:01] Zeit Zeit Zeit (Lag: Av=0.50s, max=1.0s) (Lag: Av=0.50s, max=1.0s) (Lag: Av=0.50s, max=1.0s)} 1-0

[Event "Stay Safe Play From Home 385"]
[Site "Emanuel Lasker Arena"]
[Date "2020.08.16"]
[Round "3"]
[White "Grizzzly"]
[Black "Hickey"]
[Result "0-1"]
[WhiteElo "1854"]
[BlackElo "2153"]
[Annotator "TA"]
[PlyCount "50"]
[EventDate "2020.08.16"]
[EventType "swiss (blitz)"]

{[%evp 11,49,0,7,9,6,14,29,22,29,-26,25,-15,-11,-39,-31,-31,-18,-57,-31,-30,-13,-22,100,-76,54,-104,-94,-120,-121,-123,525,-14,527,-750,-722,-596,-369,-1384,-1335,-29999]} 1. d4 Nf6 2. c4 e6 3. Nc3 Bb4 4. Qc2 O-O 5. e3 b6 6. Nf3 Bb7 7. Be2 {E32: Nimzo-Indian: Classical (4 Qc2): 4...0-0.} c5 8. O-O d6 9. a3 {White has an edge.} Bxc3 $1 10. bxc3 (10. Qxc3 $142 Nbd7 11. Nd2) 10... Nbd7 (10... Nc6 $142) 11. Bd2 {[#]} Qe7 $146 ({Predecessor:} 11... Rc8 12. a4 h6 13. Qd1 Ba6 14. Rc1 Rc7 15. Bd3 Qc8 16. Qe2 e5 17. e4 cxd4 18. cxd4 {0-1 (34) Gonzalez Bres,P-Alcobas Cervantes,M Santomera 1993}) 12. Bd3 Bxf3 13. gxf3 Rac8 14. Kh1 e5 15. Rg1 cxd4 16. exd4 d5 {[#]} (16... Rfe8 $11) 17. dxe5 $2 (17. Bh6 $1 $16 {[%mdl 512] White threatens Bxh7+! and mate.} g6 18. Bxf8 Qxf8 19. Qe2) 17... Qxe5 ({Better is} 17... Nxe5 $17 18. Rae1 dxc4) 18. Rae1 $2 (18. Bh6 $1 $14 g6 19. Rg5) 18... Qh5 $17 19. Rg3 dxc4 20. Bf5 {Threatens to win with Rh3.} Rfe8 $2 {[%mdl 8192]} (20... Rc5 $17 {and life is bright.} 21. Bxd7 Nxd7) 21. Reg1 $2 ({White should play} 21. Rh3 $18 Rxe1+ 22. Bxe1 Qxh3 23. Bxh3) 21... g6 $2 {[%mdl 8192]} (21... Re2 $1 $11 {and Black stays safe.} 22. Bxd7 Nxd7) 22. Rg5 $4 {[%mdl 8192]} (22. Rh3 $18 Rc7 23. Rxh5 Nxh5 24. Bxd7 Rxd7 25. Qa4) 22... Qxf3+ $19 {[%mdl 64] [#] Double Attack} 23. R5g2 Kh8 24. Bg4 $2 (24. Bxd7 Nxd7 25. Qd1) 24... Nxg4 {[%csl Gf3][%cal Rg4f2]} 25. Qd1 Nxf2# {Accuracy: White = 24%, Black = 38%.} 0-1

[Event "Stay Safe Play From Home 385"]
[Site "Emanuel Lasker Arena"]
[Date "2020.08.16"]
[Round "3"]
[White "Roefe Detlef"]
[Black "Dreamsoldier"]
[Result "1-0"]
[WhiteElo "1517"]
[BlackElo "1284"]
[Annotator "NA"]
[PlyCount "39"]
[EventDate "2020.08.16"]
[EventType "swiss (blitz)"]

1. d4 {[%emt 0:00:01]} d5 {[%emt 0:00:13]} 2. c4 {[%emt 0:00:00]} e6 {[%emt 0:00:00]} 3. Nd2 {[%emt 0:00:00]} dxc4 {[%emt 0:00:01]} 4. g3 {[%emt 0:00:00]} Bd7 {[%emt 0:00:01]} 5. Bg2 {[%emt 0:00:00]} Nc6 {[%emt 0:00:00]} 6. Ngf3 {[%emt 0:00:02]} Nf6 {[%emt 0:00:02]} 7. Nxc4 {[%emt 0:00:01]} Nd5 {[%emt 0:00:02]} 8. h3 {[%emt 0:00:01]} Ncb4 {[%emt 0:00:01]} 9. O-O {[%emt 0:00:03]} Nc6 {[%emt 0:00:00]} 10. e4 {[%emt 0:00:02]} Be7 {[%emt 0:00:02]} 11. exd5 {[%emt 0:00:02]} exd5 {[%emt 0:00:01]} 12. Nce5 {[%emt 0:00:01]} Nxe5 {[%emt 0:00:03]} 13. dxe5 {[%emt 0:00:01]} Bb5 {[%emt 0:00:01]} 14. Re1 {[%emt 0:00:02]} Bc5 {[%emt 0:00:03]} 15. Bf4 {[%emt 0:00:00]} f6 {[%emt 0:00:03]} 16. e6 {[%emt 0:00:00]} Qe7 {[%emt 0:00:01]} 17. Nd4 {[%emt 0:00:03]} Bxd4 {[%emt 0:00:03]} 18. Qxd4 {[%emt 0:00:01]} O-O {[%emt 0:00:04]} 19. Qxd5 {[%emt 0:00:03]} Bc6 {[%emt 0:00:02]} 20. Qb3 {[%emt 0:00:01] Dreamsoldier terk eder Dreamsoldier terk eder Dreamsoldier terk eder (Lag: Av=0.35s, max=0.7s) (Lag: Av=0.35s, max=0.7s) (Lag: Av=0.35s, max=0.7s)} 1-0

[Event "Stay Safe Play From Home 385"]
[Site "Emanuel Lasker Arena"]
[Date "2020.08.16"]
[Round "4"]
[White "MihailoVujic"]
[Black "Lazieri3"]
[Result "1/2-1/2"]
[WhiteElo "2283"]
[BlackElo "2097"]
[Annotator "TA"]
[PlyCount "40"]
[EventDate "2020.08.16"]
[EventType "swiss (blitz)"]

{[%evp 9,40,52,106,108,149,59,148,165,143,161,151,143,151,73,72,75,87,83,93,73,73,63,64,63,142,67,139,108,263,108,289,32,5]} 1. e4 c6 2. d4 d5 3. f3 dxe4 4. fxe4 e6 5. Nf3 b6 (5... Be7 $14) 6. Bd3 $16 {B12: Caro-Kann: Advance Variation.} Ba6 {[#]} 7. c4 $146 (7. O-O $16) ({Predecessor:} 7. O-O Bxd3 8. Qxd3 Be7 9. e5 Nd7 10. Be3 Qc7 11. Ng5 Bxg5 12. Bxg5 h6 13. Bh4 {½-½ (35) Schaefer,D (1935)-Leks,M (2052) Batumi 2010}) 7... Bb4+ ({Black should try} 7... e5 $14) 8. Nc3 {White is clearly better.} Ne7 9. O-O O-O 10. e5 {[#] Bxh7+! is the strong threat.} Nf5 11. Bxf5 (11. Ne2 $142) 11... exf5 12. Bg5 Be7 13. Bxe7 Qxe7 14. Qb3 Nd7 15. Rfe1 g6 16. Rad1 Rad8 (16... Rfe8 $14) 17. d5 (17. Qa4 $16 Nb8 18. d5) 17... Nc5 {[#]} (17... Qc5+ $14 18. Rd4 Rfe8) 18. Qb4 $1 cxd5 $2 (18... Qe8 $16 {was worth a try.} 19. d6 Qe6) 19. cxd5 (19. Nxd5 $18 Qb7 20. Qd2) 19... Qb7 $2 (19... Bb7 $16 {was called for.}) 20. Kh1 $2 ({Better is} 20. Qh4 $18) 20... Nd3 {Accuracy: White = 49%, Black = 38%.} 1/2-1/2

[Event "Stay Safe Play From Home 385"]
[Site "Emanuel Lasker Arena"]
[Date "2020.08.16"]
[Round "4"]
[White "Rogan"]
[Black "SelamiSahin"]
[Result "1/2-1/2"]
[WhiteElo "2214"]
[BlackElo "2118"]
[Annotator "TA"]
[PlyCount "132"]
[EventDate "2020.08.16"]
[EventType "swiss (blitz)"]

{[%evp 9,132,-6,-9,-2,-8,-8,-12,-26,0,-14,-11,-8,17,12,22,25,61,62,63,55,62,57,47,47,51,29,55,47,100,97,104,104,113,107,99,95,432,415,446,453,442,441,430,426,514,504,518,459,502,450,761,582,562,552,617,441,441,363,600,427,434,404,628,627,519,373,373,373,381,120,370,353,442,18,186,150,439,429,671,671,635,-5669,550,527,29965,29966,29974,29972,29980,29980,29979,29978,29978,29979,29990,29979,29980,0,29980,0,29977,-8,0,0,0,-8,-8,-8,-8,-8,-8,-8,-8,-8,-8,-8,-8,-8,-8,-8,29987,29988,29988,29989,29989]} 1. d4 c6 2. c3 d5 3. Nf3 Nf6 4. Bg5 Bf5 5. e3 Nbd7 6. Qb3 {D02: 1 d4 d5 2 Nf3 sidelines, including 2...Nf6 3 g3 and 2...Nf6 3 Bf4.} Qb6 7. Nbd2 h6 8. Bf4 {The position is equal.} e6 9. Ne5 Nxe5 10. Bxe5 {[#]} Qxb3 $146 ({Predecessor:} 10... Be7 11. Be2 O-O 12. O-O Rfe8 13. c4 Ne4 14. Qxb6 axb6 15. Nxe4 Bxe4 16. Bc7 dxc4 {½-½ (27) Gebhardt,M-Kargoll,P (2220) Schweich 1990}) 11. axb3 a6 12. b4 Rc8 13. Nb3 Nd7 14. Bg3 Ra8 15. Na5 Ra7 16. Be2 Be7 17. O-O Bd8 18. f3 Bxa5 (18... h5 $14) 19. bxa5 $16 O-O 20. Ra4 Rc8 21. Rb4 c5 22. dxc5 Rxc5 $2 {[%mdl 8192]} (22... Nxc5 $16 23. Rd1 Raa8) 23. e4 Bg6 24. Bf2 {[%mdl 64] [#] Skewer} dxe4 25. Bxc5 Nxc5 26. fxe4 Nxe4 27. Rd1 Nc5 28. Rd8+ Kh7 29. Rc4 Ne4 (29... Nb3 $142 30. Rcc8 Bc2) 30. Bd3 Nf6 31. Bxg6+ Kxg6 $18 {[%mdl 4096] Endgame KRR-KRN} 32. Rc7 Nd5 33. Rcc8 Kf6 $2 (33... Ne7 34. Rc5 Nd5) 34. Ra8 Rxa8 35. Rxa8 {KR-KN} Ke5 (35... Ne3 $142 36. Rb8 Nc4 37. Rxb7 Nxa5) 36. Rb8 Kd6 37. Rg8 g6 38. c4 Nb4 {Black hopes to continue with ...Nc6.} 39. Rh8 $2 (39. Rb8 $18 {is more deadly.}) 39... h5 $2 (39... Nc6 $16 {was worth a try.}) 40. Rb8 Nc6 41. Rg8 $2 (41. Rxb7 $18 Nxa5 42. Rxf7 {[%mdl 64] Decoy}) 41... Kc7 $2 (41... Nxa5 $11 42. Rd8+ Kc5) 42. Rg7 Kd6 $2 (42... Ne5 $16 {keeps fighting.}) 43. Rxf7 Kc5 (43... Nxa5 $142 44. b4 Nxc4 45. Rxb7 Kc6) 44. Rxb7 Nxa5 45. Rb6 $4 {[%mdl 8192]} (45. b4+ $18 Kc6 46. Rg7 (46. bxa5 Kxb7 47. Kf2 Kc6 $11) 46... Nxc4 47. Rxg6) 45... Nxc4 $4 {[%mdl 8192]} (45... Kxb6 $19 46. Kf2 Nxc4) 46. Rxa6 Kb4 47. Rxe6 Na5 48. Rxg6 Ka4 49. Rh6 Kb3 50. Rxh5 Nc4 51. Rh4 Kxb2 52. Rh3 Kc2 53. Rh4 $2 (53. Rf3 Ne5 54. h4 Kd2 55. h5 Ng4 56. Rf4 Ne5 57. h6 Ng6 58. Rf6) 53... Nd2 $2 {[%mdl 8192]} (53... Kb2 $11 54. Rxc4 Kb3 55. Rc8 Ka4 56. h4 Ka5 57. h5 Kb5 58. h6 Kb4) 54. Rc4+ $2 (54. Ra4 Kb3 55. Rg4 Nc4 {[#]} 56. Rxc4 $1 {[%mdl 512]} Kxc4 57. Kf2 Kc3 58. h4 Kd4 59. Kf3) 54... Kd3 $2 {[%mdl 8192]} (54... Nxc4 $11 55. h4 Ne5) 55. h4 $2 (55. Rf4 {mates} Ke3 56. Ra4 Nb1 57. h4 Nc3 58. h5 Nxa4 59. h6 Nc3 60. h7) 55... Kxc4 $11 {KN-KPP} 56. Kh2 Kd4 57. h5 {And now h6 would win.} Ke5 58. h6 {aiming for h7.} Kf6 59. g4 Kf7 60. g5 Kg8 61. h7+ Kh8 62. Kg3 Kg7 63. Kg4 Ne4 64. Kh5 Nf6+ $2 {[%mdl 8192]} (64... Kxh7 $11 65. Kh4 Kh8) 65. gxf6+ Kxh7 66. Kg5 Kg8 {[%mdl 32768] What a fight! Accuracy: White = 71%, Black = 49%. . An unexpected result.} 1/2-1/2

[Event "Stay Safe Play From Home 385"]
[Site "Emanuel Lasker Arena"]
[Date "2020.08.16"]
[Round "4"]
[White "Hickey"]
[Black "Mepe_Nika"]
[Result "0-1"]
[WhiteElo "2158"]
[BlackElo "2323"]
[Annotator "TA"]
[PlyCount "50"]
[EventDate "2020.08.16"]
[EventType "swiss (blitz)"]

{[%evp 9,49,4,9,9,18,22,18,27,30,12,23,12,15,9,9,6,20,11,24,16,30,30,27,23,44,35,53,63,58,51,66,27,75,75,76,-28,53,53,76,1,42,-29999]} 1. b3 d5 2. Bb2 Bf5 3. Nf3 e6 4. e3 Nf6 5. Be2 Be7 6. Nh4 {A06: Réti Opening: 1 Nf3 d5.} O-O {[#]} 7. Nxf5 $146 ({Predecessor:} 7. O-O a5 8. a3 Nbd7 9. Nc3 c6 10. d3 Nc5 11. Nxf5 exf5 12. Bf3 Re8 13. Ne2 Nfd7 {½-½ (31) Kertesz,A-Marcovici,A (2230) Eforie Nord 1981}) 7... exf5 8. O-O {The position is equal.} Nbd7 9. d3 g6 10. Nd2 Re8 11. Nf3 c6 12. c4 Bf8 13. Rc1 {[%cal Ba1c1,Bc1c2,Bc2d2,Bd2b2][%mdl 32]} Bg7 14. Rc2 dxc4 15. bxc4 Nc5 16. Rd2 Qa5 17. Qa1 Nh5 18. Bxg7 Nxg7 19. Rb1 b6 20. Rdb2 Rad8 {[#]} 21. d4 $1 {[%cal Rd4c5]} Ne4 22. Rc1 (22. Ne5 $16 Rc8 23. Rc2) 22... Ne6 (22... f4 $1 $11) 23. Ne5 $14 Rc8 24. Bf3 ({White should play} 24. Rbc2 $16) 24... N6g5 (24... f6 $5 {[%cal Rf6e5]} 25. Nd3 N4g5 $11) 25. Bd1 $2 {[%mdl 8192] [#]} (25. a4 $14) 25... Qe1# {Accuracy: White = 65%, Black = 75%.} 0-1

[Event "Stay Safe Play From Home 385"]
[Site "Emanuel Lasker Arena"]
[Date "2020.08.16"]
[Round "4"]
[White "Stefanone"]
[Black "Tran Minh Thang"]
[Result "0-1"]
[WhiteElo "1995"]
[BlackElo "2474"]
[Annotator "TA"]
[PlyCount "100"]
[EventDate "2020.08.16"]
[EventType "swiss (blitz)"]

{[%evp 9,99,-8,-18,-24,-11,-19,-21,-143,75,70,66,71,180,179,176,165,166,127,163,136,150,143,160,125,120,126,189,150,211,217,325,58,384,315,365,230,336,314,335,337,317,327,467,295,297,280,376,306,321,333,384,386,404,315,452,443,494,446,454,439,485,477,510,527,590,386,389,383,390,380,486,493,2151,1994,29980,6000,6503,6503,2014,0,0,0,29997,29997,29997,-29999,-29997,-29997,0,-29999,-29999,-29999]} 1. d4 Nf6 2. e3 e6 3. f4 b6 4. Nf3 Bb7 5. Bd3 d5 6. c3 {A45: Trompowsky Attack.} Nbd7 {[#]} 7. Qe2 $146 ({Predecessor:} 7. O-O Be7 8. b3 c5 9. Ne5 O-O 10. Bb2 a6 11. Bc2 Ne4 12. Nd2 f6 13. Nxd7 Qxd7 {½-½ (27) Bosco,G-Ramella,T (1364) Villa Martelli 2015}) 7... Ne4 8. Ne5 (8. O-O $11) 8... f5 $2 (8... Qh4+ $17 {stays on course.} 9. g3 {[#]} Nxg3 $1 {[%mdl 576] Double Attack, Pin}) 9. Qh5+ $16 g6 {[#]} 10. Nxg6 $1 {[%mdl 512]} hxg6 (10... Ndf6 $16 {might work better.} 11. Qh3 Rg8) 11. Qxh8 $18 Ndf6 12. Qh3 Bg7 13. Qf3 Kf7 14. Bxe4 dxe4 15. Qe2 a5 16. O-O Ba6 17. c4 Qd7 (17... Nd5 $16 {keeps fighting.}) 18. b3 a4 (18... b5 $16 19. Na3 bxc4) 19. Nc3 Ng4 (19... axb3 $142 20. Bb2 bxa2) 20. Bb2 $2 ({Better is} 20. Nxa4 $18 {h3 is the strong threat.} Nf6 21. Bb2) 20... Qe7 $2 {[%mdl 8192]} (20... Nxe3 $1 $14 21. Nxe4 (21. Qxe3 $2 Bxd4 22. Qf2 Bxf2+ 23. Rxf2 Rd8 $19) 21... Nxf1 22. Ng5+ Kg8) 21. h3 Nf6 22. Rad1 Nh5 (22... a3 $142) 23. Kh2 Qh4 24. Qf2 (24. bxa4 Ng3 $16) 24... Qxf2 25. Rxf2 c6 (25... a3 $142 26. Bc1 Bf8) 26. Rh1 a3 27. Bc1 b5 28. c5 b4 29. Na4 Bb5 30. Nb6 Rd8 31. Bd2 Nf6 (31... Nxf4 {is a better defense.} 32. Rxf4 e5) 32. Bxb4 Nd5 33. Bd2 Nf6 34. Kg1 Nd5 35. g4 Nxb6 36. cxb6 c5 37. Bc3 cxd4 38. Bxd4 Bxd4 39. exd4 {[%mdl 4096] Endgame KRR-KRB} e3 40. Rc2 Rxd4 (40... Ke7 $142 41. Rc3 Ba6) 41. b7 Rd8 42. Rc8 Rd1+ 43. Kh2 e2 44. b8=Q $2 (44. Kg2 $18 Bd7 45. Rc7) 44... Rxh1+ $11 45. Kg2 {Qc7+ would kill now.} e1=Q $4 {[%mdl 8192]} (45... Rg1+ $11 46. Kh2 (46. Kxg1 e1=Q+ 47. Kh2 Qf2+ 48. Kh1 Qf1+ 49. Kh2 Qf2+ 50. Kh1 Qe1+ 51. Kh2 Qf2+ $11) 46... Rh1+ 47. Kg2 (47. Kxh1 e1=Q+ 48. Kh2 Qf2+ 49. Kh1 Qf1+ 50. Kh2 Qf2+ 51. Kh1 Qf1+ 52. Kh2 Qf2+ $11) 47... Rg1+ 48. Kf3 (48. Kxg1 e1=Q+ 49. Kh2 Qf2+ 50. Kh1 Qf1+ 51. Kh2 Qf2+ 52. Kh1 Qf1+ 53. Kh2 Qf2+ $11) 48... Rf1+ 49. Kg2 Rg1+ {[%mdl 64] Decoy}) 46. Rf8+ Kg7 47. Rh8 $4 {[%mdl 8192]} (47. Rg8+ {is the narrow road to win.} Kh7 48. Rh8+ Kg7 49. Qf8#) 47... Qf1+ 48. Kg3 Qe1+ $2 (48... Qd3+ {mates} 49. Kh4 Qxh3+ {[%mdl 64] Double Attack} 50. Kg5 Qxg4#) 49. Kf3 $2 {[%mdl 8192]} (49. Kg2 $11 Bc6#) 49... Rf1+ 50. Kg2 Qf2# {Accuracy: White = 49%, Black = 32%.} 0-1

[Event "Stay Safe Play From Home 385"]
[Site "Emanuel Lasker Arena"]
[Date "2020.08.16"]
[Round "4"]
[White "Roefe Detlef"]
[Black "Grizzzly"]
[Result "0-1"]
[WhiteElo "1545"]
[BlackElo "1849"]
[Annotator "NA"]
[PlyCount "70"]
[EventDate "2020.08.16"]
[EventType "swiss (blitz)"]

1. e4 {[%emt 0:00:02]} c5 {[%emt 0:00:01]} 2. d4 {[%emt 0:00:01]} cxd4 {[%emt 0:00:01]} 3. Nf3 {[%emt 0:00:01]} d6 {[%emt 0:00:01]} 4. Nxd4 {[%emt 0:00:02]} a6 {[%emt 0:00:02]} 5. a4 {[%emt 0:00:02]} e6 {[%emt 0:00:00]} 6. Nc3 {[%emt 0:00:01]} Nf6 {[%emt 0:00:02]} 7. g3 {[%emt 0:00:01]} Be7 {[%emt 0:00:00]} 8. Bg2 {[%emt 0:00:01]} O-O {[%emt 0:00:00]} 9. O-O {[%emt 0:00:01]} Bd7 {[%emt 0:00:00]} 10. h3 {[%emt 0:00:02]} Nc6 {[%emt 0:00:00]} 11. Be3 {[%emt 0:00:02]} Rc8 {[%emt 0:00:02]} 12. Qd2 {[%emt 0:00:03]} Qc7 {[%emt 0:00:01]} 13. Kh2 {[%emt 0:00:01]} Rfd8 {[%emt 0:00:01]} 14. f4 {[%emt 0:00:01]} e5 {[%emt 0:00:06]} 15. Nf5 {[%emt 0:00:02]} Bxf5 {[%emt 0:00:01]} 16. exf5 {[%emt 0:00:01]} Na5 {[%emt 0:00:10]} 17. Qf2 {[%emt 0:00:03]} Nc4 {[%emt 0:00:01]} 18. fxe5 {[%emt 0:00:10]} dxe5 {[%emt 0:00:03]} 19. Ne4 {[%emt 0:00:02]} Nxe4 {[%emt 0:00:01]} 20. Bxe4 {[%emt 0:00:02]} Nxe3 {[%emt 0:00:01]} 21. Qxe3 {[%emt 0:00:01]} Bf6 {[%emt 0:00:01]} 22. Rf2 {[%emt 0:00:01]} Qc5 {[%emt 0:00:02]} 23. Qf3 {[%emt 0:00:01]} Qd4 {[%emt 0:00:03]} 24. Bxb7 {[%emt 0:00:03]} Rb8 {[%emt 0:00:01]} 25. Be4 {[%emt 0:00:02]} Rxb2 {[%emt 0:00:01]} 26. Rd1 {[%emt 0:00:01]} Qxd1 {[%emt 0:00:02]} 27. Qxd1 {[%emt 0:00:01]} Rxd1 {[%emt 0:00:01]} 28. Bd3 {[%emt 0:00:00]} h5 {[%emt 0:00:01]} 29. g4 {[%emt 0:00:01]} Rdb1 {[%emt 0:00:01]} 30. Re2 {[%emt 0:00:01]} Rc1 {[%emt 0:00:01]} 31. Re4 {[%emt 0:00:01]} Rcxc2+ {[%emt 0:00:02]} 32. Bxc2 {[%emt 0:00:01]} Rxc2+ {[%emt 0:00:00]} 33. Kg3 {[%emt 0:00:01]} hxg4 {[%emt 0:00:00]} 34. hxg4 {[%emt 0:00:01]} Re2 {[%emt 0:00:01]} 35. Rc4 {[%emt 0:00:00]} Re4 {[%emt 0:00:01] Zeit Zeit Zeit (Lag: Av=0.30s, max=0.7s) (Lag: Av=0.30s, max=0.7s) (Lag: Av=0.30s, max=0.7s)} 0-1